MDQL
is popping MORE tags! Check the
thread
!
Quizzes
Events
Quiz Creation
Community
Videos
Private Events
Remove Ads
Sign In
Join for FREE
Feedback
Dark Mode
Quiz Categories
Sports
Geography
Music
Movies
Television
Just For Fun
Miscellaneous
History
Literature
Language
Science
Gaming
Entertainment
Religion
Holiday
For Kids
Quiz Lab
Recent
Popular Today
Quiz Kudos Today
Editor Picks
Curator Picks
Quizzes by...
Day
Popularity
Type
Ratings
Length
Year
Community
Subscriptions
Recent Discussions
Orange Saloon
Badges
Playlists
Quests
Create
Leaderboards
Showdown
Live 5
Trivia Bingo
Activity
Puzzle Library
Sporcle Events
Private Events
Virtual Trivia
Globe League
Become a Host
Pub Owners
SporcleCon
Opinionation
Our Games
Videos
Blog
Mobile Apps
Partnerships
Remove Ads and Go Orange
Feedback
Music
Pop Music
The Beatles
Song
Album
Lyrics
Bands
Singers
Artist
Clip
Rock
Rap
Classical
Billboard
Country Music
Kpop
Taylor Swift
Music
Pop Music
The Beatles
Song
Album
Lyrics
Bands
Singers
Artist
Clip
Rock
Rap
Classical
Billboard
Country Music
Kpop
Taylor Swift
Random Quiz
Search Sporcle
×
Quiz Lab
Quiz Lab
Music
Type in answers that appear in a list
Type in answers that appear in a list
Classic
Best Score? Go Orange.
How well do you know GOT7? Stats
Can you name the How well do you know GOT7??
By
kpop_svt_17
20m
41 Questions
1,300 Plays
1,300 Plays
1,300 Plays
Comments
Comments
Give Quiz Kudos
Give Quiz Kudos
-
- Ratings
hide this ad
Forced Order
Answers have to be entered in order
Answers have to be entered in order
Random Order
Randomize order of answers
Randomize order of answers
Replay
Link that replays current quiz
Next Quiz
Link to next quiz in quiz playlist
You Got
0%
They Got
Avg Score
70%
Avg Friend Score
Upgrade to see
Score Distribution
Jump to the score distribution portion of the page
Score
0/41
Timer
20:00
0
Plays Today
Hint
Answer
% Correct
Which member is from Thailand?
bambam
83.2%
Who is the oldest memeber?
mark
83.2%
Who is GOT7s leader?
JB
82.9%
Which member is from Hong Kong?
jackson
82.6%
Which member is from LA
mark
82.2%
who said 'i dab every morning when i wake up'?
bambam
81.5%
What entertainment are GOT7 with?
JYP
81.5%
Which members hates cucumbers?
youngjae
81.5%
What year did GOT7 debut?
2014
81.2%
Who is the tallest member in GOT7?
yugyeom
81.2%
Who is the youngest member?
yugyeom
81.1%
Who is good at fencing?
jackson
80%
Whos birthday is January 6th 1994?
JB
79.7%
Who is the visual?
mark
79.5%
What was the duo called that jb and junior were in before GOT7?
JJP
79.4%
whose birthday is on May 2, 1997?
bambam
78.5%
Which member llooks up to Chris Brown?
Yugyeom
77.8%
What is Juniors real name?
park jinyoung
77.2%
Which member speaks 'engrish'?
youngjae
76.8%
Which member only trained for 7 months before debuting?
youngjae
76.7%
What was their debut song?
girls girls girls
76.4%
Hint
Answer
% Correct
Who had blonde hair in the 'stop stop it' MV?
youngjae
75.1%
Which member is friends with BTS' member V?
mark
75%
What is Yugyeoms real name?
kim yugyeom
73.8%
What is Youngjaes real name?
choi youngjae
73.3%
What is JBs real name?
im jaebum
72.3%
Which two members can speak fluent english?
jackson and mark
70.8%
Guess my second bias :)
youngjae
69.2%
who did the aegyo for yugyeom on the show weekly idol?
JB
67.9%
Which member of the girl group f(x) is jackson close friends with?
amber
66.5%
Who are the two martial artists in GOT7?
jackson and mark
65.2%
Which member was part of the project 'Big Byung'?
jackson
64.8%
Who said-
' Im your mom'?
junior
61.8%
What is the name of GOT7s drama?
dream knight
58.9%
Which two members were in the drama 'dream high'?
jb and junior
53.7%
What is Bambams real name?
Kunpimook Bhuwakul
53.4%
guess my first bias (i have two aha:))
junior
50.4%
Which (former) MC from ASC did jackson always used to jokingly argue with?
eric nam
48.2%
Which member from the rookie group Monstax was originally meant to debut with GOT7?
shownu
44.4%
What is Jacksons real name?
wang ka yee
32.8%
What is Marks real name?
tuan yi eun
20.1%
Quiz Playlist
Details
Report
Send in Message
Add To Playlist
Classic:
Type in answers that appear in a list
Forced Order:
Answers have to be entered in order
Random Order:
Randomize order of answers
Last Updated: Feb 16, 2017
Quiz Scoreboard
CHALLENGE
Sign Up to Join the Scoreboard
Show All
Scores
Hide
Comments
May contain spoilers
Recently Published
Image Sorting: Flags VI
by Barbecue
Geography
2m
Find the 'City' Movie
by crazypaving
Movies
60s
Colored Red Africa Blitz
by spor1
Geography
45s
More to Explore
Quiz From the Vault
Featured Blog Post
14 Easter Pick-up Lines to Find Eggs With
hide this ad
You Might Also Like...
Tags
This quiz does not have any tags.
Today's Top Quizzes in Music
Browse Music
hide this ad
Top Contributed Quizzes in Music
1
5X2 Blitz: Bands II
2
5X2 Blitz: The Beatles
3
Taylor Swift All Songs (2024)
4
5X2 Blitz: Billboard
5
5X2 Blitz: Billboard II
6
5X2 Blitz: Album
7
5X2 Blitz: Rock
8
5X2 Blitz: Singers
9
Taylor Swift Logic Puzzle II
10
5X2 Blitz: Lyrics
Explore More
Trending Topics
Marvel
Kpop
Disney
Harry Potter
Crossword
NBA
Anime
Pokémon
Puzzle
Soccer
Song
NFL
Country
The Office
WWE
hide this ad
More By:
kpop_svt_17
Quiz
Plays
Rating
Category
Featured
Created
How well do you know GOT7?
1,300
Music
Aug 22, 2016
Go to Creator's Profile
Score Distribution
Quiz Creator Spotlight
kpop_svt_17
Follow
Send a Message
Quizzes Created
-
Created Quiz Play Count
-
More By This Creator
Popular Quizzes Today
1
Colored Red Africa Blitz
2
Find the US States - No Outlines Minefield
3
Find the 'City' Movie
4
5x2 Blitz: Bands
5
The Countries of the World
6
Find the US States
7
Find the Countries of Europe - No Outlines Minefield
8
US States
More Music Quizzes
Orchestral Instrument Pictograms
Editor's Pick
Trending Quizzes
Colored Red Europe Blitz I
Colored Red Europe Blitz II
Colored Red Africa Blitz II
Colored Red Europe Blitz III
Colored Red Africa Blitz III
Recently Updated
How Do You Spell That?
pecheneg
Godzilla Movies
pecheneg
Grab Bag: 4-10 Letters
pecheneg
2024 March Madness Bracket
pecheneg
Famous TV Couples
Peacemaker
Champions League XIs: Real Madrid
pecheneg
Largest US Cities 1790-2010
pecheneg
Rides in Walt Disney World
pecheneg
Most Oscar Losses (Acting)
pecheneg
Beyoncé Albums
pecheneg
Trending Topics
NBA
Disney
Crossword
Marvel
Kpop
Harry Potter
Anime
NFL
Puzzle
Soccer
Country
The Office
Pokémon
WWE
Song
Your Account Isn't Verified!
In order to create a playlist on Sporcle, you need to verify the email address you used during registration. Go to your
Sporcle Settings
to finish the process.
Report this User
Report this user for behavior that violates our
Community Guidelines
.
Details:
Send Report
Go to the Sporcle.com Mobile Site →
Comments